000
00334 a2200109 4500
001
ART_10435
005
20260410161848.0
008
260409a
245
1
0
_a
Gradualismo, ineficacia e inestabilidad cíclica
100
1
_a
Olivera, Julio H.G.
773
0
_t
Económica
_g
- Año XVIII, Nº 1 (ene./abr. 1972)
_w
REV7541
999
_c
24747
_d
24747